000 00843nam a22002057a 4500
999 _c9079
_d9079
003 AR-CdUCM
008 190327b ||||| |||| 00| 0 spa d
040 _aMUNICIPALIDAD PROVINCIAL DEL CUSCO
_cBIBLIOTECA MUNICIPAL DEL CUSCO
082 _a465.3 /
_bM26
100 _aMartín Vivaldi, G.
_925066
245 _aDel pensamiento a la palabra :
_bcurso práctico de redacción. Teoría y técnica de la composición y del estilo /
260 _aMadrid :
_bParaninfo,
_c1960.
300 _a370 páginas ;
_c22 cm.
505 _aContenido: Cuestiones gramaticales -- Claridad y orden -- Precisión en el empleo del lenguaje y el arte de escribir -- El arte de escribir y las técnicas.
650 _aLengua española
_91124
650 _aPreceptiva literaria
_98944
650 _aPreceptiva literaria
_98944
942 _2ddc
_cLIBROS
945 _aacv